| 000 | 00495cam a2200181ua 4500 | ||
|---|---|---|---|
| 003 | OSt | ||
| 008 | 240119b |||||||| |||| 00| 0 eng d | ||
| 041 | _aeng | ||
| 082 |
_a621.47 _bBAN/RE |
||
| 100 |
_aBansal, N K . _95752 |
||
| 245 | _aRenewable energy sources and conversion technology / | ||
| 250 | _a1 / | ||
| 260 |
_aNew Delhi : _bTata Mc-Graw Hill Publishing Company , _c1990. |
||
| 300 | _a454 ; . | ||
| 700 | 1 |
_aKleemann, M . _95753 |
|
| 700 | 1 |
_aMeliss, M . _95754 |
|
| 942 | _cBK | ||
| 999 |
_c10292 _d10292 |
||